000 00391nam a22001697a 4500
005 20160624123854.0
008 160624b xxu||||| |||| 00| 0 eng d
020 _a978-81-203-2043-7
041 _aeng
082 _b9584
100 _aFrench, Wendell and others
_92666
245 _aOrganization Development
260 _bPHI
300 _a334
650 _aManagement
_9241
942 _cBK
999 _c3838
_d3837